000 01058nam a2200385 a 4500
003 AR-BaBNM
005 20251128204714.0
008 082120s2002 ||||||||||||||000 | spa||
020 _a950-10-0038-9
040 _cAR-BaBNM
100 1 _aPalma, Ricardo
245 0 0 _aTradiciones peruanas
260 _aBuenos Aires
_bCrea
_c1981
300 _a220 p.
490 0 _aClásicos Huemul
_vv. 108
500 _aContiene vocabulario en p. 201
650 4 _aROMANTICISMO
650 4 _aCONQUISTA DE AMERICA
650 4 _aLITERATURA LATINOAMERICANA
650 4 _aLEYENDAS
650 4 _aCOSTUMBRES Y TRADICIONES
650 4 _aANTROPOLOGIA CULTURAL Y SOCIAL
650 4 _aMITOLOGIA
650 4 _aLITERATURA FOLKLORICA
650 4 _aRELIGION
650 4 _aHISTORIA AMERICANA
653 _aLITERATURA PERUANA
653 _aCULTURAS PRECOLOMBINAS
655 _aLITERATURA
700 1 _aRuiz Ibarlucea, Alicia
_ecompilador
800 1 _aPellegrini, Juan Carlos
_edirector
800 1 _aRiba, Elsa
_edirector
942 _cBK
998 _cMARTIN
999 _c8500
_d8500